Making inclusing happen (Record no. 480539)

MARC details
000 -LEADER
fixed length control field 01310cam a2200337 a 4500
001 - CONTROL NUMBER
control field EDZ0000076492
003 - CONTROL NUMBER IDENTIFIER
control field StDuBDS
005 - DATE AND TIME OF LATEST TRANSACTION
control field 20161031105144.0
006 - FIXED-LENGTH DATA ELEMENTS--ADDITIONAL MATERIAL CHARACTERISTICS--GENERAL INFORMATION
fixed length control field m||||||||d||||||||
007 - PHYSICAL DESCRIPTION FIXED FIELD--GENERAL INFORMATION
fixed length control field cr |||||||||||
008 - FIXED-LENGTH DATA ELEMENTS--GENERAL INFORMATION
fixed length control field 120416s2006 enk fo| 001|0|eng|d
020 ## - INTERNATIONAL STANDARD BOOK NUMBER
International Standard Book Number 9781446213643 (ebook) :
Terms of availability No price
040 ## - CATALOGING SOURCE
Original cataloging agency StDuBDS
Language of cataloging eng
Transcribing agency StDuBDS
Description conventions pn
049 ## - LOCAL HOLDINGS (OCLC)
Holding library Alfaisal Main Library
050 #0 - LIBRARY OF CONGRESS CALL NUMBER
Classification number LC1203.G7
Item number H39 2006
082 04 - DEWEY DECIMAL CLASSIFICATION NUMBER
Classification number 371.9046
Edition number 23
100 1# - MAIN ENTRY--PERSONAL NAME
Personal name Hayward, Anne.
245 10 - TITLE STATEMENT
Title Making inclusing happen
Medium [electronic resource] :
Remainder of title a practical guide /
Statement of responsibility, etc Anne Hayward.
260 ## - PUBLICATION, DISTRIBUTION, ETC. (IMPRINT)
Place of publication, distribution, etc London :
Name of publisher, distributor, etc Paul Chapman,
Date of publication, distribution, etc 2006.
300 ## - PHYSICAL DESCRIPTION
Extent 1 online resource (x, 122 p.)
520 8# - SUMMARY, ETC.
Summary, etc Written in a clear, down-to-earth style, this guide gives you an overview of inclusion and is packed with practical material, including examples of best practice and checklists.
521 ## - TARGET AUDIENCE NOTE
Target audience note Specialized.
588 ## -
-- Description based on print version record.
504 ## - BIBLIOGRAPHY, ETC. NOTE
Bibliography, etc Includes bibliographical references and index.
650 #0 - SUBJECT ADDED ENTRY--TOPICAL TERM
Topical term or geographic name as entry element Inclusive education
Geographic subdivision Great Britain.
655 #7 - INDEX TERM--GENRE/FORM
Genre/form data or focus term Electronic books.
Source of term local
710 2# - ADDED ENTRY--CORPORATE NAME
Corporate name or jurisdiction name as entry element Sage eBooks
776 08 - ADDITIONAL PHYSICAL FORM ENTRY
Display text Print version :
International Standard Book Number 9781412922227
856 40 - ELECTRONIC LOCATION AND ACCESS
Uniform Resource Identifier <a href="http://ezproxy.alfaisal.edu/login?url=http://sk.sagepub.com/books/making-inclusion-happen">http://ezproxy.alfaisal.edu/login?url=http://sk.sagepub.com/books/making-inclusion-happen</a>
942 ## - ADDED ENTRY ELEMENTS (KOHA)
Source of classification or shelving scheme Library of Congress Classification
Koha item type eBooks

No items available.

Copyright © 2020 Alfaisal University Library. All Rights Reserved.
Tel: +966 11 2158948 Fax: +966 11 2157910 Email:
librarian@alfaisal.edu